=LDR 00000nam 2200000 4500 =001 INLIS000000000057343 =005 20201221021902 =035 ##$$a 0010-1220000244 =007 ta =008 201221###########################0#ind## =020 ##$$a 978-602-95981-1-7 =082 ##$$a 612.3 =084 ##$$a 612.3 Muh b =245 1#$$a Breakfast for stamina /$c M.Soedarsono =300 ##$$a 124 halaman : $b Ilustrasi ; $c 20 cm =650 #4$$a Gizi =264 ##$$a Surabaya :$b Liris,$c 2012 =336 ##$$a teks$2 rdacontent =337 ##$$a lain-lain$2 rdamedia =338 ##$$a lain-lain$2 rdacarrier =990 ##$$a 37783778